000
00234 a2200097 4500
001
47839
100
_a
Pringle P
245
_a
Great Discoverers in modern science
260
_a
London
_b
George G Harrap & Co
_c
090
_c
30837
_d
30837
942
_a
NUST-CAE
_c
M
_c
23155
999
_c
282912
_d
282912